コンテンツを見る

Осуществление и защита гражданских прав несовершеннолетних, отбывающих наказание в воспитательных колониях Практические рекомендации

Практические рекомендации содержат материалы касающиеся гражданских прав несовершеннолетних отбывающих наказание в воспитательных колониях. Предназначены для сотрудников территориальных органов ФСИН России....

詳細記述

保存先:
書誌詳細
第一著者: Галицкова И.Ю
フォーマット: Практическое пособие
オンライン・アクセス:https://znanium.com/catalog/document?id=224498
https://znanium.com/cover/0774/774484.jpg
タグ: タグ追加
タグなし, このレコードへの初めてのタグを付けませんか!
LEADER 02068nam0a2200265 i 4500
001 RU\infra-m\znanium\bibl\774484
003 https://znanium.com/catalog/document?id=224498
005 20200131000000.0
010 |a 978-5-7743-0570-4 
100 |a 20200131d2016 m y0rusy0150 ca 
101 0 |a rus 
102 |a RU 
200 1 |a Осуществление и защита гражданских прав несовершеннолетних, отбывающих наказание в воспитательных колониях  |e Практические рекомендации  |e Практическое пособие  |f Академия права и управления Федеральной службы исполнения наказаний 
210 1 |a Рязань  |c Академия ФСИН России  |d 2012 
215 |a 23 с. 
330 |a Практические рекомендации содержат материалы касающиеся гражданских прав несовершеннолетних отбывающих наказание в воспитательных колониях. Предназначены для сотрудников территориальных органов ФСИН России. 
606 |a Право. Юридические науки  |x Уголовно-исполнительное право  |2 local 
608 |a Практическое пособие  |2 local 
675 |a 343  |z rus 
686 |a 67409  |2 rubbk 
686 |a 40.00.00  |2 okso 
700 1 |a Галицкова  |b И.Ю.  |g Ирина Юрьевна  |p Академия права и управления Федеральной службы исполнения наказаний 
801 0 |a RU  |b Общество с ограниченной ответственностью «ЗНАНИУМ»  |c 20161116  |2 rusmarc 
856 4 |a znanium.com  |m ebs_support@infra-m.ru  |n НИЦ ИНФРА-М  |u https://znanium.com/catalog/document?id=224498 
856 4 1 |a znanium.com  |d /cover/0774  |f 774484.jpg  |q image/jpeg  |u https://znanium.com/cover/0774/774484.jpg